| 000 | 00939nam a2200229 a 4500 | ||
|---|---|---|---|
| 001 | 22461 | ||
| 003 | CO-ViMGA | ||
| 008 | 141112s2004 ck r 000 u spa d | ||
| 040 |
_aCO-ViMGA _bspa _cCO-ViMGA |
||
| 082 | 0 | 4 | _a658.401 L167p |
| 100 | 1 |
_aLaos Sudea, Jose Aldemar _931847 |
|
| 245 | 1 | 0 |
_aPlan de negocios : _bHerramienta fundamental para las empresas con miras a exportar |
| 260 |
_aVillavicencio : _bUniversidad Cooperativa de Colombia, _c2005 |
||
| 300 | _a60 | ||
| 505 | _a¿Que es un plan de negocios? 9 - - Contenido plan de negocios 11 - - Equipo de trabajo 27 - - Plan de mercado 31 - - Organización empresarial y sistema de negocio 37 | ||
| 590 | _aForma de adquisición : Donación - - Precio : 13000 - - Fecha de adquisición : 2008 | ||
| 650 | 1 | 4 | _aCOMERCIO INTERNACIONAL |
| 650 | 1 | 4 | _aNEGOCIOS |
| 650 | 1 | 4 |
_aPLANIFICACIÓN EMPRESARIAL _916402 |
| 650 | 1 | 4 |
_aPLANIFICACIóN ESTRATEGICá _922553 |
| 942 |
_2ddc _cBK |
||
| 999 |
_c30767 _d30767 |
||